| 000 | 00000nam 2200000zi 4500 |
| 001 | 9.561757 |
| 003 | CaOODSP |
| 005 | 20230125091245 |
| 007 | cr ||||||||||| |
| 008 | 150406s2004 xxc|||||o f|0| 0 eng d |
| 040 | |aCaOODSP|beng |
| 043 | |an-cn--- |
| 086 | 1 |aJ3-2/2004-5E-PDF |
| 100 | 1 |aBroad, Gayle, |eauthor. |
| 245 | 10|aJust between you and me. A Peer Public Legal Education and Information (PLEI) Programme for women in family violence situations : |bfinal report / |cGayle Broad, Anna Hagerty. |
| 264 | 1|bJustice Canada, |c2004. |
| 300 | |a1 online resource (56 pages). |
| 336 | |atext|btxt|2rdacontent |
| 337 | |acomputer|bc|2rdamedia |
| 338 | |aonline resource|bcr|2rdacarrier |
| 490 | 1 |aDepartment of Justice research report ; |vrr04-5e |
| 504 | |aBibliography. |
| 590 | |a07-02-Supp|b2007-04-05 |
| 690 | 07|aFamily violence|2gcpds |
| 690 | 07|aLegal issues|2gcpds |
| 690 | 07|aViolence against women|2gcpds |
| 710 | 1 |aCanada.|bJustice Canada, |eissuing body. |
| 775 | 08|tEntre vous et moi - Programme de vulgarisation et d'information juridiques (PVIJ) par des pairs pour les femmes victimes de violence familiale : |w(CaOODSP)9.594315 |
| 830 | #0|aResearch report (Canada. Dept of Justice. Research and Statistics Division)|vrr04-5e|w(CaOODSP)9.505075 |
| 856 | 40|ahttp://publications.gc.ca|qPDF|s1930 KB|uhttps://publications.gc.ca/collections/Collection/J3-2-2004-5E.pdf |yrr04-5e |